LEADER 00890nab a2200145 i 4500 001 000000275851 003 CaOOAMICUS 005 20110810000000.0 008 110810n xx uu u0 0und r 013 $a25274 040 $aSeMil$bita 245 14$aThe Perennial Relevance of Saint Paul ; Brothers and Friends in Philippi :$bFamily Honor in the Roman World ... ; Ecological Crisis and Plagues (Revelation 11:6) ; 1 Enoch, 1 Peter, and Social-Scientific Criticism ... - Titoli dalla copertina. 500 $aFebruary 2009. 773 0 $t[2009].$dThousand Oaks (California) : SAGE Publications, copyr. 2009.$w()204971 996 $6245$aThe Perennial Relevance of Saint Paul ; Brothers and Friends in Philippi :$bFamily Honor in the Roman World ... ; Ecological Crisis and Plagues (Revelation 11:6) ; 1 Enoch, 1 Peter, and Social-Scientific Criticism ... - Titoli dalla copertina.$9(OLS)http://semarc/title/361644 LEADER 00741nam a2200193 i 4500 001 000000234050 003 CaOOAMICUS 005 20200303102952.0 008 141003s1751 it u000 u lat u 013 $a212953 040 $aSeMil$bita 245 10$aTomus 2. pars 2. 300 $a[5] p., P. 516-1109, [1] p. 500 $aSegn.: 3T4(-3T1) 3V-7A4(-7A4) 773 0 $tBibbia$dParisiis : Apud Franciscum Didot, ad Ripam Augustinianorum ; Romae : Apud Venantium Monaldini ; Coloniae Agrippinae : Apud Metternich, 1751.$g2$w()30642 850 $aSeMil 852 $aSeMil$W1$xVenegono$y1$m2Y VI 58 FA$j184396$B184396$CSeMilBibl$Z2$F195381 $8I 996 $6245$aTomus 2. pars 2$9(OLS)http://semarc/title/334109 LEADER 00746nam a2200193 i 4500 001 000000234051 003 CaOOAMICUS 005 20141003000000.0 008 141003s1751 it u000 u lat u 013 $a212954 026 $ad-am u-se I.o- mab. (3) 1751 (R) 040 $aSeMil$bita 245 10$aTomus 3. pars 1. 300 $a[4], XXXVI, 492 p. 500 $aSegn.: pg2 a-d4 e2 A-3P4 3Q4(-3Q3.4). 773 0 $tBibbia$dParisiis : Apud Franciscum Didot, ad Ripam Augustinianorum ; Romae : Apud Venantium Monaldini ; Coloniae Agrippinae : Apud Metternich, 1751.$g3$w()30642 850 $aSeMil 852 $aSeMil$W1$xVenegono$y1$m2Y VI 59 FA$j184397$B184397$CSeMilBibl$Z2$F195382 $8I 996 $6245$aTomus 3. pars 1$9(OLS)http://semarc/title/334111